| 000 | | | 05737cbm2a2200000#x 450 |
| 001 | | | 5d420e8d-7c9f-403d-bc40-933f84b807b0 |
| 005 | | | 20230925105012.0 |
| 100 | ## | $a | 20170828l18521852k l0rusy0189 ca |
| 101 | 0# | $a | rus |
| 102 | ## | $a | RU |
| 200 | 1# | $a | Дело о назначении графа Владимира Адлерберга министром Императорского двора |
| | $j | 1 сентября 1852 г. |
| 251 | ## | $c | Дело |
| 300 | ## | $a | По Санкт-Петербургской дирекции за 1852 год |
| 300 | ## | $a | Оригинальный заголовок дела: Дело по высочайшему указу, данному 30 августа Правительствующему Сенату, о всемилостивейшем повелении быть министром Императорского двора господину генералу от инфантерии, генерал-адъютанту графу Владимира Федоровичу Адлербергу. 1 сентября 1852 г |
| 300 | ## | $a | Рукописный текст. Чернила |
| 801 | #0 | $a | RU |
| | $b | РГИА |
| | $c | 20170828 |
| 801 | #1 | $a | RU |
| | $b | ГлавНИВЦ |
| | $c | 20170828 |
| | $2 | rusmarc |
| 801 | #2 | $a | RU |
| | $b | ПБ им. Б.Н. Ельцина |
| | $c | 20190306 |
| | $g | RCR |
| | $2 | rusmarc |
| 850 | ## | $a | Федеральное казенное учреждение "Российский государственный исторический архив" |
| 852 | ## | $a | РГИА |
| | $j | 13787 |
| 937 | ## | $h | РГИА |
| | $d | 12250412 |
| | $a | ASBIBLIO_SCAN |
| 462 | #0 | $1 | 001e40fcb0b-ae70-479b-99ff-446a4d3065c4 |
| | $1 | 2001 |
| | $a | 1850-1884 гг. |
| | $v | Д. 13787 |
| | $1 | 251 |
| | $c | Опись |
| | $1 | 852 |
| | $j | 2 |
| 461 | #0 | $1 | 0019264ebf8-de62-4f1a-9eb4-9f22098dbbd5 |
| | $1 | 2001 |
| | $a | Дирекция императорских театров МИДв |
| | $1 | 251 |
| | $c | Фонд |
| | $1 | 852 |
| | $j | 497 |
| 215 | ## | $a | 2 листа |
| | $d | 36,5х26 см |
| 371 | ## | $a | Документ не является опубликованным и широко распространяемым |
| 105 | ## | $a | y### |
| 122 | 0# | $a | d18520901## |
| 517 | 1# | $a | Дело по высочайшему указу, данному 30 августа Правительствующему Сенату, о всемилостивейшем повелении быть министром Императорского двора господину генералу от инфантерии, генерал-адъютанту графу Владимира Федоровичу Адлербергу |
| | $e | 1 сентября 1852 г. |
| 035 | ## | $a | 5d420e8d-7c9f-403d-bc40-933f84b807b0 |
| 856 | ## | $u | http://readingroom.main.prlib.ru/item.aspx?id_node=n126832638&mode=full |
| 600 | #1 | $2 | prlib_sh |
| | $3 | LIBNET\UAF\0000060383 |
| | $a | Адлерберг |
| | $b | В. Ф. |
| | $f | 1791-1884 |
| | $g | Владимир Федорович |
| | $j | Архивные дела |
| 601 | 01 | $2 | prlib_sh |
| | $3 | LIBNET\UAF\0000108249 |
| | $a | Россия |
| | $b | Министерство Императорского двора и уделов |
| | $j | Архивные дела |
| | $x | История |
| 605 | ## | $2 | acquisition_Prlib |
| | $3 | DITM\AF\0000002775 |
| | $a | Власть |
| | $l | коллекция |
| 605 | ## | $2 | acquisition_Prlib |
| | $3 | LIBNET\UAF\0000108230 |
| | $a | Управление делами Президента Российской Федерации: история и современность |
| | $l | коллекция |
| 686 | ## | $2 | rubbk |
| | $a | 63.3(2)52-33ю1 |
| | $v | LBC/M |